Berlin Subway Stations - Statistics

General Stats
  • This quiz has been taken 755 times
    19 since last reset
  • The average score is 41 of 175
Answer Stats
Line(s) Station % Correct
U2, U5, U8 Alexanderplatz
81%
U6 Friedrichstraße
63%
U5 Hauptbahnhof
56%
U2 Potsdamer Platz
56%
U2, U9 Zoologischer Garten
56%
U1, U2, U3 Gleisdreieck
50%
U1, U2, U3, U4 Nollendorfplatz
50%
U2 Pankow
50%
U5 Brandenburger Tor
44%
U5 Bundestag
44%
U1, U3, U8 Kottbusser Tor
44%
U3 Krumme Lanke
44%
U1 Uhlandstraße
44%
U1, U2, U3 Wittenbergplatz
44%
U8 Jannowitzbrücke
38%
U5 Museumsinsel
38%
U6 Naturkundemuseum
38%
U7 Neukölln
38%
U3 Onkel Toms Hütte
38%
U7 Rathaus Spandau
38%
U9 Rathaus Steglitz
38%
U7 Rudow
38%
U1, U3 Schlesisches Tor
38%
U2, U6 Stadtmitte
38%
U1, U3 Warschauer Straße
38%
U6 Alt-Mariendorf
31%
U2 Eberswalder Straße
31%
U2 Ernst-Reuter-Platz
31%
U1, U3, U6 Hallesches Tor
31%
U8 Hermannstraße
31%
U4 Innsbrucker Platz
31%
U7 Jungfernheide
31%
U6 Kochstraße
31%
U6 Kurt-Schumacher-Platz
31%
U1, U3, U7 Möckernbrücke
31%
U2 Olympia-Stadion
31%
U6 Oranienburger Tor
31%
U8 Rosenthaler Platz
31%
U2 Ruhleben
31%
U2 Senefelderplatz
31%
U3, U9 Spichernstraße
31%
U2 Theodor-Heuss-Platz
31%
U9 Turmstraße
31%
U5, U6 Unter den Linden
31%
U2 Vinetastraße
31%
U6 Wedding
31%
U8 Wittenau
31%
U6 Alt-Tempelhof
25%
U9 Amrumer Straße
25%
U4, U7 Bayerischer Platz
25%
U7, U9 Berliner Straße
25%
U2, U7 Bismarckstraße
25%
U9 Bundesplatz
25%
U3 Dahlem-Dorf
25%
U5 Frankfurter Allee
25%
U3 Freie Universität (Thielplatz)
25%
U9 Friedrich-Wilhelm-Platz
25%
U1, U3 Görlitzer Bahnhof
25%
U2 Hausvogteiplatz
25%
U5 Hönow
25%
U6 Kaiserin-Augusta-Straße
25%
U7 Karl-Marx-Straße
25%
U1, U9 Kurfürstendamm
25%
U6, U9 Leopoldplatz
25%
U6, U7 Mehringdamm
25%
U8, U9 Osloer Straße
25%
U6 Paradestraße
25%
U6 Platz der Luftbrücke
25%
U7 Rathaus Neukölln
25%
U2 Rosa-Luxemburg-Platz
25%
U5 Rotes Rathaus
25%
U9 Schloßstraße
25%
U2 Schönhauser Allee
25%
U6 Schwartzkopffstraße
25%
U2 Sophie-Charlotte-Platz
25%
U6 Tempelhof
25%
U9 Walther-Schreiber-Platz
25%
U7 Yorckstraße
25%
U6 Afrikanische Straße
19%
U6 Alt-Tegel
19%
U2 Anton-Wilhelm-Amo-Straße
19%
U3 Augsburger Straße
19%
U5 Biesdorf-Süd
19%
U8 Boddinstraße
19%
U2 Bülowstraße
19%
U2 Deutsche Oper
19%
U7 Eisenacher Straße
19%
U3, U7 Fehrbelliner Platz
19%
U5 Frankfurter Tor
19%
U8 Franz-Neumann-Platz
19%
U8 Gesundbrunnen
19%
U7 Gneisenaustraße
19%
U9 Güntzelstraße
19%
U9 Hansaplatz
19%
U8 Heinrich-Heine-Straße
19%
U7, U8 Hermannplatz
19%
U2 Kaiserdamm
19%
U8 Karl-Bonhoeffer-Nervenklinik
19%
U5 Kienberg (Gärten der Welt)
19%
U7 Kleistpark
19%
U2 Klosterstraße
19%
U1, U3 Kurfürstenstraße
19%
U8 Leinestraße
19%
U8 Lindauer Allee
19%
U5 Magdalenenstraße
19%
U2 Märkisches Museum
19%
U2 Mendelssohn-Bartholdy-Park
19%
U2 Neu-Westend
19%
U3 Oskar-Helene-Heim
19%
U7 Paulsternstraße
19%
U3 Podbielskiallee
19%
U1, U3 Prinzenstraße
19%
U8 Rathaus Reinickendorf
19%
U4 Rathaus Schöneberg
19%
U7 Richard-Wagner-Platz
19%
U5 Samariterstraße
19%
U6 Seestraße
19%
U2 Spittelmarkt
19%
U5 Strausberger Platz
19%
U5 Tierpark
19%
U6 Ullsteinstraße
19%
U4 Viktoria-Luise-Platz
19%
U8 Weinmeisterstraße
19%
U6 Westphalweg
19%
U7 Wilmersdorfer Straße
19%
U5 Wuhletal
19%
U7 Zitadelle
19%
U7 Adenauerplatz
13%
U7 Altstadt Spandau
13%
U9 Birkenstraße
13%
U7 Blaschkoallee
13%
U7 Blissestraße
13%
U3 Breitenbachplatz
13%
U7 Britz-Süd
13%
U5 Cottbusser Platz
13%
U5 Elsterwerdaer Platz
13%
U5 Friedrichsfelde
13%
U7 Grenzallee
13%
U7 Halemweg
13%
U7 Haselhorst
13%
U3 Heidelberger Platz
13%
U5 Hellersdorf
13%
U7 Jakob-Kaiser-Platz
13%
U7 Johannisthaler Chaussee
13%
U5 Kaulsdorf-Nord
13%
U7 Konstanzer Straße
13%
U5 Lichtenberg
13%
U7 Lipschitzallee
13%
U5 Louis-Lewin-Straße
13%
U7 Mierendorffplatz
13%
U8 Moritzplatz
13%
U9 Nauener Platz
13%
U8 Pankstraße
13%
U8 Paracelsus-Bad
13%
U7 Parchimer Allee
13%
U6 Rehberge
13%
U6 Reinickendorfer Straße
13%
U8 Residenzstraße
13%
U7 Rohrdamm
13%
U3 Rüdesheimer Platz
13%
U8 Schönleinstraße
13%
U7 Siemensdamm
13%
U7 Südstern
13%
U8 Voltastraße
13%
U5 Weberwiese
13%
U9 Westhafen
13%
U7 Wutzkyallee
13%
U7 Zwickauer Damm
13%
U8 Bernauer Straße
6%
U6 Borsigwerke
6%
U3 Hohenzollernplatz
6%
U6 Holzhauser Straße
6%
U6 Otisstraße
6%
U6 Scharnweberstraße
6%
U5 Schillingstraße
6%
No matching quizzes found
Score Distribution
Percent of People with Each Score
Percentile by Number Answered
Your Score History
You have not taken this quiz since the last reset